01157nam a2200289Ia 4500001000700000003000500007008004100012010001100053020005800064040000900122082001700131100003000148245023400178260004600412300001100458440002200469503003400491504005100525650003900576650003900615650003100654650003600685650002400721700003600745700003800781700004800819Z_6458CHAP220113s2009 xx 000 0 und d a169723 a978-958-8203-06-5 \ 978-958-96086-7-8 (obra completa) cCHAP a636.5085 D871 aDurán Ramírez, Felipe aManejo y nutrición en aves de corral: construcciones, equipo, manejo, nutrición /cFelipe Durán Ramírez, diseño editorial Jaime Durán Naranjo, fotografía Felipe Durán Ramírez, Eduardo Durán Naranjo...[et al] aColombia :bGrupo Latino Editores,c2009 a320 p. a(Granja Integral) aej.1: consumo \ ej.2: consumo aBibliografía: p. 319 - 320, incluye índice aAves de corral xx Alimentación aAves de corral xx Construcciones aAves de corral xx Equipo aAves de corral xx Nutrición aAviculturaxCrianza a Durán Naranjo, Eduardo, fot. a Durán Ramírez, Felipe, fot.  aDurán Naranjo, Jaime, diseño editorial